|
|
|
|
| LEADER |
00000nam0a2200000 4500 |
| 001 |
630563 |
| 005 |
20240129102241.0 |
| 035 |
|
|
|a (RuTPU)RU\TPU\conf\31687
|
| 090 |
|
|
|a 630563
|
| 100 |
|
|
|a 20191121d2019 k y0rusy50 ca
|
| 101 |
0 |
|
|a rus
|
| 102 |
|
|
|a RU
|
| 105 |
|
|
|a y z 101zy
|
| 135 |
|
|
|a drcn ---uucaa
|
| 181 |
|
0 |
|a i
|
| 182 |
|
0 |
|a b
|
| 200 |
1 |
|
|a Современные проблемы машиностроения
|e сборник научных трудов XII Международной научно-технической конференции, г. Томск, 28 октября - 1 ноября 2019 г.
|f Национальный исследовательский Томский политехнический университет (ТПУ) ; под ред. А. Ю. Арляпова [и др.]
|
| 203 |
|
|
|a Текст
|c электронный
|
| 210 |
|
|
|a Томск
|c Изд-во ТПУ
|d 2019
|
| 300 |
|
|
|a Заглавие с экрана
|
| 330 |
|
|
|a Сборник содержит доклады XII Международной научно-технической конференции «Современные проблемы машиностроения», проходившей в г. Томске 28 октября - 1 ноября 2019г. Конференция проведена по секциям: надежность машин и механизмов; электромеханика и мехатроника; современные производственные технологии; материаловедение и нанотехнологии в машиностроении; автоматизация и моделирование технологических процессов; промышленная безопасность; дизайн и проектирование в машиностроение Сборник трудов представляет интерес для специалистов в области материаловедения,сварки, машиностроения, а также для студентов и аспирантов Вузов соответствующих специальностей.
|
| 606 |
1 |
|
|a Машиностроение
|2 stltpush
|3 (RuTPU)RU\TPU\subj\71949
|9 85607
|
| 610 |
1 |
|
|a электронный ресурс
|
| 610 |
1 |
|
|a труды учёных ТПУ
|
| 610 |
1 |
|
|a материалы конференций
|
| 610 |
1 |
|
|a машиностроение
|
| 610 |
1 |
|
|a материаловедение
|
| 610 |
1 |
|
|a надежность
|
| 610 |
1 |
|
|a электромеханика
|
| 610 |
1 |
|
|a мехатроника
|
| 610 |
1 |
|
|a современные технологии
|
| 610 |
1 |
|
|a нанотехнологии
|
| 610 |
1 |
|
|a автоматизация
|
| 610 |
1 |
|
|a моделирование
|
| 610 |
1 |
|
|a промышленная безопасность
|
| 610 |
1 |
|
|a дизайн
|
| 610 |
1 |
|
|a проектирование
|
| 675 |
|
|
|a 621.002(063)
|v 3
|
| 702 |
|
1 |
|a Арляпов
|b А. Ю.
|c специалист в области машиностроения
|c доцент Томского политехнического университета, кандидат технических наук
|f 1974-
|g Алексей Юрьевич
|3 (RuTPU)RU\TPU\pers\25573
|4 340
|
| 712 |
1 |
2 |
|a Современные проблемы машиностроения
|b научно-техническая конференция
|d 12
|e Томск
|f 2019
|
| 712 |
0 |
2 |
|a Национальный исследовательский Томский политехнический университет (ТПУ)
|c (2009- )
|3 (RuTPU)RU\TPU\col\15902
|
| 801 |
|
2 |
|a RU
|b 63413507
|c 20191129
|g RCR
|
| 856 |
4 |
|
|u http://earchive.tpu.ru/handle/11683/57052
|
| 942 |
|
|
|c BK
|